[Event "Deutsche Ländermeisterschaft 2023"]
[Site "Hannover GER"]
[Date "2023.10.02"]
[Round "3"]
[White "Burkart, Lloyd Shang"]
[Black "Weber, Nikita"]
[Result "1-0"]
[Termination "normal"]
[Board "2.5"]
[WhiteElo "2027"]
[BlackElo "1865"]
[WhiteClock "00:05:09"]
[BlackClock "00:28:15"]
[WhiteTeam "Hessen"]
[BlackTeam "Rheinland-Pfalz"]
[PlyCount "153"]
[WhiteFideId "16239059"]
[BlackFideId "34608770"]
[EventCountry "GER"]
[EventRounds "7"]
[EventType "team-swiss"]
[EventDate "2023.09.30"]

1. d4 {[%clk 01:30:58]} Nf6 {[%clk 01:30:56]} {[%emt 00:00:04]} 2. c4 {[%clk
01:31:22]} {[%emt 00:00:06]} e6 {[%clk 01:31:24]} {[%emt 00:00:02]} 3. g3
{[%clk 01:31:39]} {[%emt 00:00:13]} Bb4+ {[%clk 01:31:49]} {[%emt 00:00:04]} 4.
Bd2 {[%clk 01:31:40]} {[%emt 00:00:29]} a5 {[%clk 01:32:14]} {[%emt 00:00:05]}
5. Nf3 {[%clk 01:27:18]} {[%emt 00:04:53]} O-O {[%clk 01:32:27]} {[%emt
00:00:17]} 6. Bg2 {[%clk 01:27:32]} {[%emt 00:00:17]} d5 {[%clk 01:32:45]}
{[%emt 00:00:11]} 7. Qc2 {[%clk 01:25:33]} {[%emt 00:02:29]} b6 {[%clk
01:29:41]} {[%emt 00:03:34]} 8. cxd5 {[%clk 01:24:12]} {[%emt 00:01:51]} exd5
{[%clk 01:29:11]} {[%emt 00:01:00]} 9. O-O {[%clk 01:23:03]} {[%emt 00:01:39]}
Bxd2 {[%clk 01:24:46]} {[%emt 00:04:56]} 10. Nbxd2 {[%clk 01:20:06]} {[%emt
00:03:26]} Bb7 {[%clk 01:16:01]} {[%emt 00:09:15]} 11. Rac1 {[%clk 01:17:33]}
{[%emt 00:03:03]} Nc6 {[%clk 01:12:21]} {[%emt 00:04:11]} 12. e3 {[%clk
01:15:45]} {[%emt 00:02:18]} Rc8 {[%clk 01:12:31]} {[%emt 00:00:20]} 13. Bh3
{[%clk 01:04:27]} {[%emt 00:11:49]} Nb4 {[%clk 01:04:57]} {[%emt 00:08:03]} 14.
Qa4 {[%clk 00:57:21]} {[%emt 00:07:35]} Ra8 {[%clk 01:02:53]} {[%emt 00:02:34]}
15. Ne5 {[%clk 00:55:05]} {[%emt 00:02:47]} Ba6 {[%clk 00:55:54]} {[%emt
00:07:29]} 16. Rfd1 {[%clk 00:53:22]} {[%emt 00:02:12]} Nd3 {[%clk 00:51:56]}
{[%emt 00:04:28]} 17. Nxd3 {[%clk 00:53:02]} {[%emt 00:00:50]} Bxd3 {[%clk
00:52:23]} {[%emt 00:00:02]} 18. Rc3 {[%clk 00:51:16]} {[%emt 00:02:17]} b5
{[%clk 00:51:57]} {[%emt 00:00:56]} 19. Qb3 {[%clk 00:50:47]} {[%emt 00:00:58]}
Bc4 {[%clk 00:51:01]} {[%emt 00:01:26]} 20. Nxc4 {[%clk 00:50:35]} {[%emt
00:00:42]} bxc4 {[%clk 00:50:53]} {[%emt 00:00:38]} 21. Qc2 {[%clk 00:44:57]}
{[%emt 00:06:07]} Ne4 {[%clk 00:50:20]} {[%emt 00:01:04]} 22. Ra3 {[%clk
00:45:23]} {[%emt 00:00:04]} Qd6 {[%clk 00:47:35]} {[%emt 00:03:15]} 23. Bf5
{[%clk 00:42:58]} {[%emt 00:02:55]} Rfe8 {[%clk 00:42:32]} {[%emt 00:05:34]}
24. Ra4 {[%clk 00:38:44]} {[%emt 00:04:44]} Nf6 {[%clk 00:40:55]} {[%emt
00:02:07]} 25. b3 {[%clk 00:38:17]} {[%emt 00:00:57]} g6 {[%clk 00:40:45]}
{[%emt 00:00:41]} 26. Bh3 {[%clk 00:37:49]} {[%emt 00:00:58]} cxb3 {[%clk
00:40:48]} {[%emt 00:00:27]} 27. axb3 {[%clk 00:38:03]} {[%emt 00:00:16]} Ra7
{[%clk 00:35:33]} {[%emt 00:05:44]} 28. Rda1 {[%clk 00:37:15]} {[%emt
00:01:18]} Rb8 {[%clk 00:34:17]} {[%emt 00:01:47]} 29. Qb2 {[%clk 00:28:47]}
{[%emt 00:08:58]} Qb6 {[%clk 00:25:53]} {[%emt 00:08:54]} 30. b4 {[%clk
00:27:28]} {[%emt 00:01:49]} Rab7 {[%clk 00:25:56]} {[%emt 00:00:26]} 31. Rxa5
{[%clk 00:26:06]} {[%emt 00:01:53]} Qxb4 {[%clk 00:26:17]} {[%emt 00:00:09]}
32. Qxb4 {[%clk 00:26:31]} {[%emt 00:00:05]} Rxb4 {[%clk 00:26:41]} {[%emt
00:00:06]} 33. Rc1 {[%clk 00:19:29]} {[%emt 00:07:31]} Rb1 {[%clk 00:26:46]}
{[%emt 00:00:25]} 34. Rac5 {[%clk 00:18:30]} {[%emt 00:01:30]} Rxc1+ {[%clk
00:26:20]} {[%emt 00:00:57]} 35. Rxc1 {[%clk 00:18:56]} {[%emt 00:00:03]} Rb7
{[%clk 00:26:06]} {[%emt 00:00:44]} 36. Bg2 {[%clk 00:15:47]} {[%emt 00:03:40]}
Kf8 {[%clk 00:26:16]} {[%emt 00:00:20]} 37. Bf3 {[%clk 00:15:44]} {[%emt
00:00:33]} Ke7 {[%clk 00:26:21]} {[%emt 00:00:25]} 38. Rc6 {[%clk 00:13:49]}
{[%emt 00:02:24]} Ne4 {[%clk 00:25:47]} {[%emt 00:01:04]} 39. Bxe4 {[%clk
00:13:56]} {[%emt 00:00:24]} dxe4 {[%clk 00:26:15]} {[%emt 00:00:02]} 40. g4
{[%clk 00:13:51]} {[%emt 00:00:35]} Kd7 {[%clk 00:26:09]} {[%emt 00:00:36]} 41.
Rf6 {[%clk 00:13:43]} {[%emt 00:00:38]} Ke7 {[%clk 00:26:11]} {[%emt 00:00:28]}
42. Rf4 {[%clk 00:14:04]} {[%emt 00:00:09]} Rb4 {[%clk 00:22:06]} {[%emt
00:04:35]} 43. Rxe4+ {[%clk 00:13:43]} {[%emt 00:00:51]} Kd6 {[%clk 00:21:43]}
{[%emt 00:00:53]} 44. Re5 {[%clk 00:13:25]} {[%emt 00:00:48]} f6 {[%clk
00:21:32]} {[%emt 00:00:40]} 45. Ra5 {[%clk 00:12:52]} {[%emt 00:01:03]} c6
{[%clk 00:20:47]} {[%emt 00:01:15]} 46. Ra7 {[%clk 00:05:47]} {[%emt 00:07:34]}
h5 {[%clk 00:20:42]} {[%emt 00:00:37]} 47. gxh5 {[%clk 00:06:12]} {[%emt
00:00:05]} gxh5 {[%clk 00:21:08]} {[%emt 00:00:04]} 48. Ra5 {[%clk 00:05:46]}
{[%emt 00:00:55]} h4 {[%clk 00:20:26]} {[%emt 00:01:12]} 49. Kg2 {[%clk
00:05:52]} {[%emt 00:00:24]} Rb8 {[%clk 00:18:15]} {[%emt 00:02:41]} 50. Rh5
{[%clk 00:05:48]} {[%emt 00:00:34]} Rf8 {[%clk 00:18:21]} {[%emt 00:00:24]} 51.
Rxh4 {[%clk 00:05:11]} {[%emt 00:01:07]} c5 {[%clk 00:18:45]} {[%emt 00:00:05]}
52. dxc5+ {[%clk 00:05:25]} {[%emt 00:00:16]} Kxc5 {[%clk 00:19:14]} 53. Rd4
{[%clk 00:05:41]} {[%emt 00:00:14]} f5 {[%clk 00:19:35]} {[%emt 00:00:09]} 54.
h4 {[%clk 00:05:29]} {[%emt 00:00:42]} Rh8 {[%clk 00:19:51]} {[%emt 00:00:14]}
55. Kh3 {[%clk 00:05:17]} {[%emt 00:00:41]} Rh5 {[%clk 00:20:19]} {[%emt
00:00:02]} 56. Rd8 {[%clk 00:05:00]} {[%emt 00:00:47]} Kc6 {[%clk 00:20:42]}
{[%emt 00:00:07]} 57. f3 {[%clk 00:02:54]} {[%emt 00:02:36]} Kc5 {[%clk
00:21:07]} {[%emt 00:00:05]} 58. Rg8 {[%clk 00:02:50]} {[%emt 00:00:34]} Rh7
{[%clk 00:21:14]} {[%emt 00:00:24]} 59. Rg5 {[%clk 00:03:16]} {[%emt 00:00:04]}
Kd6 {[%clk 00:21:23]} {[%emt 00:00:21]} 60. Rxf5 {[%clk 00:03:41]} {[%emt
00:00:05]} Ke6 {[%clk 00:21:44]} {[%emt 00:00:09]} 61. Rf8 {[%clk 00:03:38]}
{[%emt 00:00:32]} Ke7 {[%clk 00:21:58]} {[%emt 00:00:16]} 62. Rf4 {[%clk
00:03:56]} {[%emt 00:00:12]} Ke6 {[%clk 00:22:25]} {[%emt 00:00:03]} 63. e4
{[%clk 00:03:58]} {[%emt 00:00:28]} Ke5 {[%clk 00:22:50]} {[%emt 00:00:04]} 64.
Rf5+ {[%clk 00:04:23]} {[%emt 00:00:06]} Ke6 {[%clk 00:23:19]} {[%emt
00:00:01]} 65. h5 {[%clk 00:04:22]} {[%emt 00:00:31]} Ra7 {[%clk 00:23:43]}
{[%emt 00:00:05]} 66. h6 {[%clk 00:03:22]} {[%emt 00:01:30]} Rh7 {[%clk
00:24:08]} {[%emt 00:00:06]} 67. Rh5 {[%clk 00:03:44]} {[%emt 00:00:08]} Kf6
{[%clk 00:24:35]} {[%emt 00:00:03]} 68. Kg4 {[%clk 00:04:07]} {[%emt 00:00:08]}
Kg6 {[%clk 00:25:00]} {[%emt 00:00:04]} 69. f4 {[%clk 00:04:28]} {[%emt
00:00:09]} Kf6 {[%clk 00:25:27]} {[%emt 00:00:02]} 70. f5 {[%clk 00:04:44]}
{[%emt 00:00:15]} Kf7 {[%clk 00:25:52]} {[%emt 00:00:05]} 71. e5 {[%clk
00:04:58]} {[%emt 00:00:16]} Kg8 {[%clk 00:26:15]} {[%emt 00:00:07]} 72. f6
{[%clk 00:05:05]} {[%emt 00:00:23]} Ra7 {[%clk 00:26:40]} {[%emt 00:00:05]} 73.
Rf5 {[%clk 00:05:02]} {[%emt 00:00:33]} Rh7 {[%clk 00:26:59]} {[%emt 00:00:11]}
74. f7+ {[%clk 00:04:59]} {[%emt 00:00:33]} Kf8 {[%clk 00:27:25]} {[%emt
00:00:04]} 75. e6 {[%clk 00:04:39]} {[%emt 00:00:51]} Rh8 {[%clk 00:27:52]}
{[%emt 00:00:04]} 76. h7 {[%clk 00:04:45]} {[%emt 00:00:23]} Rxh7 {[%clk
00:28:15]} {[%emt 00:00:07]} 77. e7+ {[%clk 00:05:09]} {[%emt 00:00:06]} 1-0

[Event "Deutsche Ländermeisterschaft 2023"]
[Site "Hannover GER"]
[Date "2023.10.02"]
[Round "3"]
[White "Müller, Riyanna"]
[Black "Buchholz, Maja Patricia"]
[Result "0-1"]
[Termination "normal"]
[Board "2.6"]
[WhiteElo "1778"]
[BlackElo "1858"]
[WhiteClock "00:13:28"]
[BlackClock "00:17:25"]
[WhiteTeam "Rheinland-Pfalz"]
[BlackTeam "Hessen"]
[PlyCount "100"]
[WhiteFideId "16287401"]
[BlackFideId "16200500"]
[EventCountry "GER"]
[EventRounds "7"]
[EventType "team-swiss"]
[EventDate "2023.09.30"]

1. e4 {[%clk 01:30:57]} {[%emt 00:00:03]} e6 {[%clk 01:30:48]} {[%emt
00:00:13]} 2. d4 {[%clk 01:31:10]} {[%emt 00:00:16]} d5 {[%clk 01:31:08]}
{[%emt 00:00:10]} 3. e5 {[%clk 01:31:22]} {[%emt 00:00:19]} c5 {[%clk
01:31:28]} {[%emt 00:00:10]} 4. c3 {[%clk 01:31:33]} {[%emt 00:00:19]} Nc6
{[%clk 01:31:44]} {[%emt 00:00:14]} 5. Nf3 {[%clk 01:31:43]} {[%emt 00:00:20]}
Qb6 {[%clk 01:31:58]} {[%emt 00:00:16]} 6. a3 {[%clk 01:31:25]} {[%emt
00:00:49]} c4 {[%clk 01:32:11]} {[%emt 00:00:16]} 7. Be2 {[%clk 01:31:05]}
{[%emt 00:00:51]} Na5 {[%clk 01:31:41]} {[%emt 00:01:00]} 8. Nbd2 {[%clk
01:30:39]} {[%emt 00:00:57]} Bd7 {[%clk 01:31:45]} {[%emt 00:00:26]} 9. O-O
{[%clk 01:30:19]} {[%emt 00:00:50]} Ne7 {[%clk 01:31:03]} {[%emt 00:01:11]} 10.
Ne1 {[%clk 01:30:00]} {[%emt 00:00:49]} O-O-O {[%clk 01:30:20]} {[%emt
00:01:13]} 11. g3 {[%clk 01:28:28]} {[%emt 00:02:03]} Kb8 {[%clk 01:19:44]}
{[%emt 00:11:06]} 12. Ng2 {[%clk 01:28:13]} {[%emt 00:00:44]} f6 {[%clk
01:13:39]} {[%emt 00:06:36]} 13. f4 {[%clk 01:03:39]} {[%emt 00:25:04]} Be8
{[%clk 01:06:22]} {[%emt 00:07:47]} 14. exf6 {[%clk 00:56:01]} {[%emt
00:08:08]} gxf6 {[%clk 01:06:13]} {[%emt 00:00:39]} 15. Kh1 {[%clk 00:55:00]}
{[%emt 00:01:31]} Ka8 {[%clk 01:01:18]} {[%emt 00:05:25]} 16. Bh5 {[%clk
00:53:22]} {[%emt 00:02:08]} Bg6 {[%clk 00:56:34]} {[%emt 00:05:14]} 17. Nh4
{[%clk 00:38:41]} {[%emt 00:15:11]} Nf5 {[%clk 00:42:51]} {[%emt 00:14:14]} 18.
Nxf5 {[%clk 00:37:29]} {[%emt 00:01:41]} Bxf5 {[%clk 00:42:19]} {[%emt
00:01:02]} 19. Bg4 {[%clk 00:35:05]} {[%emt 00:02:53]} Bd3 {[%clk 00:39:50]}
{[%emt 00:03:00]} 20. Be2 {[%clk 00:31:28]} {[%emt 00:04:07]} Bg6 {[%clk
00:37:15]} {[%emt 00:03:04]} 21. Bh5 {[%clk 00:27:02]} {[%emt 00:04:56]} Bd6
{[%clk 00:25:30]} {[%emt 00:12:15]} 22. Re1 {[%clk 00:24:07]} {[%emt 00:03:25]}
Rde8 {[%clk 00:17:14]} {[%emt 00:08:46]} 23. Bxg6 {[%clk 00:21:56]} {[%emt
00:02:41]} hxg6 {[%clk 00:17:40]} {[%emt 00:00:05]} 24. Qg4 {[%clk 00:20:12]}
{[%emt 00:02:13]} Qc7 {[%clk 00:13:40]} {[%emt 00:04:31]} 25. Rxe6 {[%clk
00:16:31]} {[%emt 00:04:12]} Qd7 {[%clk 00:09:22]} {[%emt 00:04:48]} 26. Rxe8+
{[%clk 00:15:32]} {[%emt 00:01:28]} Qxe8 {[%clk 00:09:48]} {[%emt 00:00:03]}
27. Kg2 {[%clk 00:06:54]} {[%emt 00:09:08]} Qe1 {[%clk 00:06:40]} {[%emt
00:03:39]} 28. Qf3 {[%clk 00:03:40]} {[%emt 00:03:44]} a6 {[%clk 00:02:09]}
{[%emt 00:05:01]} 29. Qf1 {[%clk 00:03:28]} {[%emt 00:00:41]} Qe6 {[%clk
00:01:43]} {[%emt 00:00:57]} 30. Nf3 {[%clk 00:02:44]} {[%emt 00:01:14]} Nb3
{[%clk 00:01:25]} {[%emt 00:00:48]} 31. Rb1 {[%clk 00:02:12]} {[%emt 00:01:01]}
Qe4 {[%clk 00:01:44]} {[%emt 00:00:11]} 32. Be3 {[%clk 00:02:07]} {[%emt
00:00:36]} Qxe3 {[%clk 00:01:52]} {[%emt 00:00:22]} 33. Re1 {[%clk 00:02:17]}
{[%emt 00:00:20]} Qd3 {[%clk 00:02:05]} {[%emt 00:00:17]} 34. Qf2 {[%clk
00:02:25]} {[%emt 00:00:21]} Qf5 {[%clk 00:01:55]} {[%emt 00:00:40]} 35. Nh4
{[%clk 00:02:10]} {[%emt 00:00:46]} Qg4 {[%clk 00:01:36]} {[%emt 00:00:49]} 36.
h3 {[%clk 00:02:05]} {[%emt 00:00:35]} Qd7 {[%clk 00:01:22]} {[%emt 00:00:44]}
37. Re3 {[%clk 00:01:16]} {[%emt 00:01:19]} g5 {[%clk 00:01:05]} {[%emt
00:00:48]} 38. fxg5 {[%clk 00:01:36]} {[%emt 00:00:10]} fxg5 {[%clk 00:01:30]}
{[%emt 00:00:05]} 39. Nf5 {[%clk 00:02:00]} {[%emt 00:00:06]} g4 {[%clk
00:00:57]} {[%emt 00:01:03]} 40. hxg4 {[%clk 00:02:11]} {[%emt 00:00:18]} Qh7
{[%clk 00:00:59]} {[%emt 00:00:28]} 41. Qg1 {[%clk 00:01:55]} {[%emt 00:00:46]}
Qh3+ {[%clk 00:00:34]} {[%emt 00:00:55]} 42. Kf3 {[%clk 00:28:59]} {[%emt
00:03:16]} Bb8 {[%clk 00:29:55]} {[%emt 00:01:19]} 43. Re2 {[%clk 00:28:26]}
{[%emt 00:01:02]} Rg8 {[%clk 00:28:46]} {[%emt 00:01:40]} 44. Ne3 {[%clk
00:28:30]} {[%emt 00:00:25]} Rf8+ {[%clk 00:24:54]} {[%emt 00:04:23]} 45. Nf5
{[%clk 00:28:37]} {[%emt 00:00:23]} Qh6 {[%clk 00:23:45]} {[%emt 00:01:39]} 46.
Qf2 {[%clk 00:23:50]} {[%emt 00:05:17]} Nc1 {[%clk 00:19:51]} {[%emt 00:04:25]}
47. Kg2 {[%clk 00:17:33]} {[%emt 00:06:46]} Qg6 {[%clk 00:17:49]} {[%emt
00:02:32]} 48. Re3 {[%clk 00:14:59]} {[%emt 00:03:01]} Qxg4 {[%clk 00:17:37]}
{[%emt 00:00:45]} 49. Rf3 {[%clk 00:14:35]} {[%emt 00:00:54]} Nd3 {[%clk
00:17:08]} {[%emt 00:00:59]} 50. Qf1 {[%clk 00:13:28]} {[%emt 00:01:37]} Rxf5
{[%clk 00:17:25]} {[%emt 00:00:14]} 0-1

[Event "Deutsche Ländermeisterschaft 2023"]
[Site "Hannover GER"]
[Date "2023.10.02"]
[Round "3"]
[White "Bezsonna, Polina"]
[Black "Vranckx, Oscar"]
[Result "0-1"]
[Termination "normal"]
[Board "2.7"]
[WhiteElo "1783"]
[BlackElo "1663"]
[WhiteClock "00:00:38"]
[BlackClock "01:23:01"]
[WhiteTeam "Hessen"]
[BlackTeam "Rheinland-Pfalz"]
[PlyCount "73"]
[WhiteFideId "14191156"]
[BlackFideId "34608788"]
[EventCountry "GER"]
[EventRounds "7"]
[EventType "team-swiss"]
[EventDate "2023.09.30"]

1. e4 {[%clk 01:30:59]} c5 {[%clk 01:30:55]} {[%emt 00:00:05]} 2. Nf3 {[%clk
01:31:24]} {[%emt 00:00:05]} Nc6 {[%clk 01:31:14]} {[%emt 00:00:10]} 3. d4
{[%clk 01:31:49]} {[%emt 00:00:05]} cxd4 {[%clk 01:31:38]} {[%emt 00:00:06]} 4.
Nxd4 {[%clk 01:32:16]} {[%emt 00:00:04]} e5 {[%clk 01:31:54]} {[%emt 00:00:13]}
5. Nb5 {[%clk 01:32:38]} {[%emt 00:00:08]} d6 {[%clk 01:32:19]} {[%emt
00:00:05]} 6. N1c3 {[%clk 01:32:44]} {[%emt 00:00:24]} a6 {[%clk 01:32:43]}
{[%emt 00:00:06]} 7. Na3 {[%clk 01:33:09]} {[%emt 00:00:05]} Be7 {[%clk
01:33:08]} {[%emt 00:00:05]} 8. Be3 {[%clk 01:33:05]} {[%emt 00:00:34]} Nf6
{[%clk 01:33:02]} {[%emt 00:00:35]} 9. Nd5 {[%clk 01:32:38]} {[%emt 00:00:57]}
Nxd5 {[%clk 01:33:25]} {[%emt 00:00:07]} 10. exd5 {[%clk 01:32:48]} {[%emt
00:00:19]} Nd4 {[%clk 01:33:49]} {[%emt 00:00:06]} 11. c3 {[%clk 01:17:44]}
{[%emt 00:15:35]} Nf5 {[%clk 01:34:14]} {[%emt 00:00:05]} 12. Nc2 {[%clk
01:16:04]} {[%emt 00:02:10]} Nxe3 {[%clk 01:34:24]} {[%emt 00:00:20]} 13. Nxe3
{[%clk 01:16:09]} {[%emt 00:00:25]} f5 {[%clk 01:34:49]} {[%emt 00:00:05]} 14.
a4 {[%clk 00:57:33]} {[%emt 00:19:06]} O-O {[%clk 01:34:13]} {[%emt 00:01:05]}
15. Nc4 {[%clk 00:54:55]} {[%emt 00:03:09]} b6 {[%clk 01:33:45]} {[%emt
00:00:58]} 16. g3 {[%clk 00:51:26]} {[%emt 00:04:00]} Bb7 {[%clk 01:33:07]}
{[%emt 00:01:07]} 17. Bg2 {[%clk 00:51:48]} {[%emt 00:00:08]} Rc8 {[%clk
01:33:31]} {[%emt 00:00:06]} 18. Qe2 {[%clk 00:50:07]} {[%emt 00:02:11]} Qc7
{[%clk 01:32:18]} {[%emt 00:01:43]} 19. Nd2 {[%emt 00:07:07]} e4 {[%clk
01:27:35]} 20. c4 {[%clk 00:46:20]} {[%emt 00:02:52]} Bf6 {[%clk 01:27:50]}
{[%emt 00:00:16]} 21. Rb1 {[%clk 00:34:14]} {[%emt 00:12:36]} Qd7 {[%clk
01:26:53]} {[%emt 00:01:26]} 22. b3 {[%clk 00:33:03]} {[%emt 00:01:41]} b5
{[%clk 01:26:33]} {[%emt 00:00:49]} 23. axb5 {[%clk 00:32:53]} {[%emt
00:00:41]} axb5 {[%clk 01:26:53]} {[%emt 00:00:10]} 24. O-O {[%clk 00:32:28]}
{[%emt 00:00:55]} Ra8 {[%clk 01:26:26]} {[%emt 00:00:56]} 25. Bh3 {[%clk
00:25:19]} {[%emt 00:07:39]} Ra2 {[%clk 01:25:59]} {[%emt 00:00:57]} 26. Qe3
{[%clk 00:25:02]} {[%emt 00:00:48]} Qe7 {[%clk 01:25:53]} {[%emt 00:00:36]} 27.
Bxf5 {[%clk 00:18:03]} {[%emt 00:07:29]} Bg5 {[%clk 01:23:42]} {[%emt
00:02:41]} 28. Qxe4 {[%clk 00:18:20]} {[%emt 00:00:13]} Rxd2 {[%clk 01:23:48]}
{[%emt 00:00:24]} 29. Bxh7+ {[%clk 00:13:43]} {[%emt 00:05:07]} Kh8 {[%clk
01:23:41]} {[%emt 00:00:35]} 30. f4 {[%clk 00:11:32]} {[%emt 00:02:42]} Bf6
{[%clk 01:23:08]} {[%emt 00:01:03]} 31. Qxe7 {[%clk 00:03:20]} {[%emt
00:08:42]} Bxe7 {[%clk 01:23:34]} {[%emt 00:00:04]} 32. Bg6 {[%clk 00:02:20]}
{[%emt 00:01:30]} Bf6 {[%clk 01:23:16]} {[%emt 00:00:48]} 33. Rfd1 {[%clk
00:02:01]} {[%emt 00:00:49]} Re2 {[%clk 01:22:04]} {[%emt 00:01:41]} 34. cxb5
{[%clk 00:01:37]} {[%emt 00:00:54]} Ra8 {[%clk 01:22:16]} {[%emt 00:00:18]} 35.
Bd3 {[%clk 00:01:25]} {[%emt 00:00:42]} Bd4+ {[%clk 01:22:37]} {[%emt
00:00:09]} 36. Kf1 {[%clk 00:00:38]} {[%emt 00:01:17]} Rf2+ {[%clk 01:23:01]}
{[%emt 00:00:06]} 37. Ke1 {[%emt 00:00:39]} 0-1

[Event "Deutsche Ländermeisterschaft 2023"]
[Site "Hannover GER"]
[Date "2023.10.02"]
[Round "3"]
[White "Mader, Theresa"]
[Black "Wolf, Helena"]
[Result "1-0"]
[Termination "normal"]
[Board "2.8"]
[WhiteElo "1284"]
[BlackElo "1155"]
[WhiteClock "00:18:17"]
[BlackClock "00:08:56"]
[WhiteTeam "Rheinland-Pfalz"]
[BlackTeam "Hessen"]
[PlyCount "103"]
[WhiteFideId "34605657"]
[BlackFideId "34671030"]
[EventCountry "GER"]
[EventRounds "7"]
[EventType "team-swiss"]
[EventDate "2023.09.30"]

1. d4 {[%clk 01:30:59]} {[%emt 00:00:01]} d5 {[%clk 01:30:55]} {[%emt
00:00:05]} 2. c4 {[%clk 01:31:22]} {[%emt 00:00:07]} e6 {[%clk 01:31:20]}
{[%emt 00:00:05]} 3. Nc3 {[%clk 01:31:39]} {[%emt 00:00:13]} Nf6 {[%clk
01:31:39]} {[%emt 00:00:10]} 4. Bf4 {[%clk 01:31:29]} {[%emt 00:00:40]} Be7
{[%clk 01:31:39]} {[%emt 00:00:30]} 5. e3 {[%clk 01:31:34]} {[%emt 00:00:25]}
O-O {[%clk 01:31:21]} {[%emt 00:00:48]} 6. Nf3 {[%clk 01:31:28]} {[%emt
00:00:36]} Nbd7 {[%clk 01:30:34]} {[%emt 00:01:17]} 7. cxd5 {[%clk 01:29:06]}
exd5 {[%clk 01:30:34]} 8. Bd3 {[%clk 01:29:06]} Re8 {[%clk 01:30:50]} {[%emt
00:04:56]} 9. O-O {[%clk 01:27:46]} {[%emt 00:01:00]} c6 {[%clk 01:28:13]}
{[%emt 00:03:07]} 10. Rb1 {[%clk 01:24:57]} {[%emt 00:03:19]} a5 {[%clk
01:28:18]} {[%emt 00:00:25]} 11. a3 {[%clk 01:22:04]} {[%emt 00:03:22]} Nf8
{[%clk 01:25:42]} {[%emt 00:03:05]} 12. h3 {[%clk 01:18:42]} {[%emt 00:03:53]}
Bd6 {[%clk 01:20:51]} {[%emt 00:05:21]} 13. Bxd6 {[%clk 01:15:29]} {[%emt
00:03:43]} Qxd6 {[%clk 01:21:06]} {[%emt 00:00:14]} 14. Na4 {[%clk 01:11:01]}
{[%emt 00:04:59]} Qc7 {[%clk 01:14:35]} {[%emt 00:07:01]} 15. Qc2 {[%clk
01:01:32]} {[%emt 00:09:59]} h6 {[%clk 01:08:27]} {[%emt 00:06:38]} 16. Rfc1
{[%clk 00:48:10]} {[%emt 00:13:52]} Re7 {[%clk 00:50:32]} {[%emt 00:18:25]} 17.
Nc5 {[%clk 00:44:04]} {[%emt 00:04:38]} N8d7 {[%clk 00:41:24]} {[%emt
00:09:37]} 18. b4 {[%clk 00:41:53]} {[%emt 00:02:41]} Nxc5 {[%clk 00:38:02]}
{[%emt 00:03:51]} 19. Qxc5 {[%clk 00:39:25]} {[%emt 00:02:57]} Bd7 {[%clk
00:31:57]} {[%emt 00:06:35]} 20. Qxe7 {[%clk 00:37:32]} {[%emt 00:02:23]} Re8
{[%clk 00:26:05]} {[%emt 00:06:22]} 21. Qc5 {[%clk 00:37:22]} {[%emt 00:00:40]}
Be6 {[%clk 00:23:34]} {[%emt 00:03:02]} 22. Ne5 {[%clk 00:35:19]} {[%emt
00:02:32]} Rc8 {[%clk 00:20:46]} {[%emt 00:03:17]} 23. b5 {[%clk 00:32:14]}
{[%emt 00:03:36]} Bd7 {[%clk 00:18:06]} {[%emt 00:03:10]} 24. bxc6 {[%clk
00:30:06]} {[%emt 00:02:38]} bxc6 {[%clk 00:17:15]} {[%emt 00:01:20]} 25. Nxd7
{[%clk 00:22:20]} {[%emt 00:08:16]} Nxd7 {[%clk 00:17:01]} {[%emt 00:00:45]}
26. Qc2 {[%clk 00:21:44]} {[%emt 00:01:06]} Nf6 {[%clk 00:16:34]} {[%emt
00:00:56]} 27. Bb5 {[%clk 00:20:22]} {[%emt 00:01:53]} Kf8 {[%clk 00:14:29]}
{[%emt 00:02:35]} 28. Qxc6 {[%clk 00:19:51]} {[%emt 00:01:01]} Qxc6 {[%clk
00:14:34]} {[%emt 00:00:25]} 29. Bxc6 {[%clk 00:19:43]} {[%emt 00:00:37]} Ke7
{[%clk 00:14:45]} {[%emt 00:00:18]} 30. Ba4 {[%clk 00:19:36]} {[%emt 00:00:38]}
Rd8 {[%clk 00:14:21]} {[%emt 00:00:53]} 31. Rb7+ {[%clk 00:19:22]} {[%emt
00:00:45]} Ke6 {[%clk 00:12:33]} {[%emt 00:02:18]} 32. Rc6+ {[%clk 00:18:10]}
{[%emt 00:01:43]} Rd6 {[%clk 00:08:30]} {[%emt 00:04:33]} 33. Rxd6+ {[%clk
00:18:27]} {[%emt 00:00:12]} Kxd6 {[%clk 00:08:47]} {[%emt 00:00:12]} 34. Rxf7
{[%clk 00:18:25]} {[%emt 00:00:32]} Nh5 {[%clk 00:08:09]} {[%emt 00:01:08]} 35.
g4 {[%clk 00:17:35]} {[%emt 00:01:21]} Ke6 {[%clk 00:07:06]} {[%emt 00:01:32]}
36. Ra7 {[%clk 00:17:35]} {[%emt 00:00:30]} Nf6 {[%clk 00:07:20]} {[%emt
00:00:15]} 37. Rxg7 {[%clk 00:17:35]} {[%emt 00:00:32]} Ne4 {[%clk 00:06:29]}
{[%emt 00:01:20]} 38. Rg6+ {[%clk 00:17:13]} {[%emt 00:00:53]} Kf7 {[%clk
00:06:42]} {[%emt 00:00:17]} 39. Rxh6 {[%clk 00:16:45]} {[%emt 00:00:59]} Kg7
{[%clk 00:06:50]} {[%emt 00:00:21]} 40. Ra6 {[%clk 00:16:31]} {[%emt 00:00:45]}
Kf7 {[%clk 00:07:07]} {[%emt 00:00:13]} 41. Rxa5 {[%clk 00:16:41]} {[%emt
00:00:21]} Ke6 {[%clk 00:07:15]} {[%emt 00:00:21]} 42. Bb3 {[%clk 00:16:31]}
{[%emt 00:00:40]} Nc3 {[%clk 00:06:26]} {[%emt 00:01:19]} 43. h4 {[%clk
00:16:14]} {[%emt 00:00:47]} Ne4 {[%clk 00:06:38]} {[%emt 00:00:17]} 44. Bxd5+
{[%clk 00:16:26]} {[%emt 00:00:19]} Kd6 {[%clk 00:06:38]} {[%emt 00:00:30]} 45.
Bxe4 {[%clk 00:16:39]} {[%emt 00:00:17]} Ke6 {[%clk 00:06:57]} {[%emt
00:00:11]} 46. h5 {[%clk 00:16:47]} {[%emt 00:00:22]} Kd6 {[%clk 00:07:15]}
{[%emt 00:00:11]} 47. h6 {[%clk 00:17:04]} {[%emt 00:00:13]} Ke6 {[%clk
00:07:31]} {[%emt 00:00:14]} 48. h7 {[%clk 00:17:27]} {[%emt 00:00:07]} Kd6
{[%clk 00:07:51]} {[%emt 00:00:10]} 49. h8=Q {[%clk 00:17:43]} {[%emt
00:00:14]} Ke6 {[%clk 00:08:15]} {[%emt 00:00:06]} 50. Qh6+ {[%clk 00:18:01]}
{[%emt 00:00:12]} Kf7 {[%clk 00:08:30]} {[%emt 00:00:15]} 51. Ra7+ {[%clk
00:18:17]} {[%emt 00:00:14]} Ke8 {[%clk 00:08:56]} {[%emt 00:00:04]} 52. Qh8#
{[%emt 00:00:10]} 1-0